The Use of Mortgage Covered Bonds /

The rapid mortgage credit growth experienced in recent years in mature and emerging countries has raised some stability concerns. Many European credit institutions in mature markets have reacted by increasing securitization, particularly via mortgage covered bonds. From the issuer's perspective...

全面介紹

書目詳細資料
主要作者: Avesani, Renzo
其他作者: Garcia Pascual, Antonio, Ribakova, Elina
格式: 雜誌
語言:English
出版: Washington, D.C. : International Monetary Fund, 2007.
叢編:IMF Working Papers; Working Paper ; No. 2007/020
在線閱讀:Full text available on IMF
LEADER 02045cas a2200265 a 4500
001 AALejournalIMF009188
008 230101c9999 xx r poo 0 0eng d
020 |c 5.00 USD 
020 |z 9781451865844 
022 |a 1018-5941 
040 |a BD-DhAAL  |c BD-DhAAL 
100 1 |a Avesani, Renzo. 
245 1 4 |a The Use of Mortgage Covered Bonds /  |c Renzo Avesani, Elina Ribakova, Antonio Garcia Pascual. 
264 1 |a Washington, D.C. :  |b International Monetary Fund,  |c 2007. 
300 |a 1 online resource (21 pages) 
490 1 |a IMF Working Papers 
500 |a <strong>Off-Campus Access:</strong> No User ID or Password Required 
500 |a <strong>On-Campus Access:</strong> No User ID or Password Required 
506 |a Electronic access restricted to authorized BRAC University faculty, staff and students 
520 3 |a The rapid mortgage credit growth experienced in recent years in mature and emerging countries has raised some stability concerns. Many European credit institutions in mature markets have reacted by increasing securitization, particularly via mortgage covered bonds. From the issuer's perspective, these instruments have become an attractive funding source and a tool for assetliability management; from the investor's perspective, covered bonds enjoy a favorable risk-return profile and a very liquid market. In this paper, we examine the two largest "jumbo" covered bond markets, Germany and Spain. We show how movements in covered bond prices can be used to analyze the credit developments of the underlying issuer and the quality of its mortgage portfolio. Our analysis also suggests that mortgage covered bonds could be of interest to other mature and emerging markets facing similar risks related to mortgage credit. 
538 |a Mode of access: Internet 
700 1 |a Garcia Pascual, Antonio. 
700 1 |a Ribakova, Elina. 
830 0 |a IMF Working Papers; Working Paper ;  |v No. 2007/020 
856 4 0 |z Full text available on IMF  |u http://elibrary.imf.org/view/journals/001/2007/020/001.2007.issue-020-en.xml  |z IMF e-Library